MARC

LEADER 00000nam0a2200000 4500
001 151554
005 20231031150748.0
035 |a (RuTPU)RU\TPU\book\164321 
090 |a 151554 
100 |a 20090124d1955 m y0rusy50 ca 
101 0 |a rus 
102 |a RU 
105 |a a z 001zy 
200 1 |a Архитектура подмосковных усадеб  |f Н. Я. Тихомиров 
210 |a Москва  |c Гос. изд-во литературы по строительству и архитектуре  |d 1955 
215 |a 351 с.  |c ил. 
320 |a Библиогр.: с. 349-350. 
610 1 |a архитектура 
610 1 |a усадьбы 
610 1 |a жилищное строительство 
610 1 |a Подмосковье 
675 |a 728.8  |v 3 
700 1 |a Тихомиров  |b Н. Я.  |g Николай Яковлевич 
801 1 |a RU  |b 63413507  |c 20090124  |g PSBO 
801 2 |a RU  |b 63413507  |c 20190703  |g PSBO 
942 |c BK